Tribhuvan University Central Library

India and the WTO (Record no. 34473)

MARC details
000 -LEADER
fixed length control field 006920000a22002890004500
082 ## - DEWEY DECIMAL CLASSIFICATION NUMBER
Classification number 382.92
Item number W893i
-- UN
020 ## - INTERNATIONAL STANDARD BOOK NUMBER
International Standard Book Number 0-8213-5410-8
041 ## - LANGUAGE CODE
Language code of text/sound track or separate title Eng
100 ## - MAIN ENTRY--PERSONAL NAME
Personal name Mattoo, Aaditya, ed.
100 ## - MAIN ENTRY--PERSONAL NAME
Personal name Stern, Robert M. jt. ed.
110 ## - MAIN ENTRY--CORPORATE NAME
Corporate name or jurisdiction name as entry element The World Bank
245 ## - TITLE STATEMENT
Title India and the WTO
260 ## - PUBLICATION, DISTRIBUTION, ETC. (IMPRINT)
Place of publication, distribution, etc Wshington, D.C.
Name of publisher, distributor, etc The World Bank, USA
260 ## - PUBLICATION, DISTRIBUTION, ETC. (IMPRINT)
Date of publication, distribution, etc 2003
300 ## - PHYSICAL DESCRIPTION
Extent xi,388p.
518 ## - DATE/TIME AND PLACE OF AN EVENT NOTE
Date/time and place of an event note 20050818
530 ## - ADDITIONAL PHYSICAL FORM AVAILABLE NOTE
Additional physical form available note M
650 ## - SUBJECT ADDED ENTRY--TOPICAL TERM
Topical term or geographic name as entry element Trade
650 ## - SUBJECT ADDED ENTRY--TOPICAL TERM
Topical term or geographic name as entry element Telecommunication
650 ## - SUBJECT ADDED ENTRY--TOPICAL TERM
Topical term or geographic name as entry element Foreign investment
650 ## - SUBJECT ADDED ENTRY--TOPICAL TERM
Topical term or geographic name as entry element Environment
650 ## - SUBJECT ADDED ENTRY--TOPICAL TERM
Topical term or geographic name as entry element Intellectual property
650 ## - SUBJECT ADDED ENTRY--TOPICAL TERM
Topical term or geographic name as entry element Foreign investment
651 ## - SUBJECT ADDED ENTRY--GEOGRAPHIC NAME
Geographic name India
650 ## - SUBJECT ADDED ENTRY--TOPICAL TERM
Topical term or geographic name as entry element Doha negotiations
942 ## - ADDED ENTRY ELEMENTS (KOHA)
Koha item type General Collections

No items available.